Quizzes
Events
Quiz Creation
Community
Videos
Private Events
Remove Ads
Sign In
Join for FREE
Feedback
Dark Mode
Quiz Categories
Sports
Geography
Music
Movies
Television
Just For Fun
Miscellaneous
History
Literature
Language
Science
Gaming
Entertainment
Religion
Holiday
For Kids
Quiz Lab
Recent
Popular Today
Quiz Kudos Today
Editor Picks
Curator Picks
Quizzes by...
Day
Popularity
Type
Ratings
Length
Year
Community
Subscriptions
Recent Discussions
Orange Saloon
Badges
Playlists
Quests
Create
Leaderboards
Showdown
Live 5
Trivia Bingo
Activity
Puzzle Library
Sporcle Events
Private Events
Virtual Trivia
Globe League
Become a Host
Pub Owners
SporcleCon
Opinionation
Our Games
Videos
Blog
Mobile Apps
Partnerships
Remove Ads and Go Orange
Feedback
Geography
Country
Landmarks
City
State
Population
World
Capital
Continent
Flags
Europe
Africa
Asia
South America
North America
Oceania
Border
Canada
United Kingdom
Topography
United States
Geography
Country
Landmarks
City
State
Population
World
Capital
Continent
Flags
Europe
Africa
Asia
South America
North America
Oceania
Border
Canada
United Kingdom
Topography
United States
Random Quiz
Search Sporcle
×
Quiz Lab
Quiz Lab
Geography
World
Type in answers that appear in a list
Type in answers that appear in a list
Classic
Best Score? Go Orange.
Geographer's World SG Stats
Can you name the questions?
By
teachersexton
15m
23 Questions
35 Plays
35 Plays
35 Plays
Comments
Comments
Give Quiz Kudos
Give Quiz Kudos
-
- Ratings
hide this ad
Replay
Link that replays current quiz
Next Quiz
Link to next quiz in quiz playlist
You Got
0%
They Got
Avg Score
43%
Avg Friend Score
Upgrade to see
Score Distribution
Jump to the score distribution portion of the page
Score
0/23
Timer
15:00
0
Plays Today
Question
Answer
% Correct
Name one of two continents that is located entirely in the Western Hemisphere?
South America
100%
Name one of two continents that is located entirely in the Western Hemisphere?
North America
94.3%
What percent of the Earth's surface is water?
71
68.6%
What is the name given to the imaginary line that runs from the North Pole to the South Pole? This is tilted at an angle of twenty three and one half degrees?
Axis
48.6%
This happens on December 22 or 23, the sun's direct rays strike the Tropic of Capricorn, the northern hemisphere experiences its shortest period of daylight all year
Winter Solstice
45.7%
Happens on June 20 or 21; the sun's direct rays strike the Earth at the Tropic of Cancer. This represents the first day of summer in the northern hemisphere
Summer Solstice
45.7%
Earth's largest ocean
Pacific Ocean
45.7%
What is the name given to the nearly circular path that the Earth takes as it revolves around the sun?
orbit
42.9%
Earth's second largest ocean
Atlantic Ocean
42.9%
Earth's second smallest ocean
Indian Ocean
42.9%
Earth's smallest ocean
Arctic Ocean
42.9%
What word describes a public argument or disagreement?
controversial
40%
Question
Answer
% Correct
What word describes a relationship between the size of something on a map or model and its size in the real world?
Scale
40%
What is the name given to the area on Earth's surface between the Tropic of Cancer and the Tropic of Capricorn? The climate here is hot all year
tropical zone
37.1%
What is the name given to one complete trop of the Earth around the sun?
revolution
37.1%
This happens on March 20 or 21, the sun's direct rays strike the equator, every place receives 12 hours of daylight and darkness. First day of spring in the northern hemisphere. Fi
Spring Equinox
37.1%
Happens on September 22 or 23; the sun's direct rays strike the Equator, all places receive 12 hours of daylight and darkness; it's the first day of spring in the southern hemisphe
Fall Equinox
37.1%
What word means making a decision or reaching a conclusion based on true information?
Infer
34.3%
What is the name given to a very large, unbroken area of land?
landmass
31.4%
What is the name given to the area on Earth's surface that is located between the Arctic Circle and the north pole in the northern hemisphere and between the antarctic circle and t
polar zones
28.6%
What word describes a position that is between two other levels, or positions?
Intermediate
28.6%
What is the name given to the area on Earth's surgace that is located between the Tropic of Cancer and the Arctic Circle in the northern hemisphere and between the Tropic of Capric
temperate zones
22.9%
What causes the changing seasons throughout the year?
The tilt of the Earth's axis toward the sun
2.9%
Quiz Playlist
Details
Report
Send in Message
Add To Playlist
Classic:
Type in answers that appear in a list
Last Updated: Feb 16, 2017
Quiz Scoreboard
CHALLENGE
Sign Up to Join the Scoreboard
Show All
Scores
Hide
Comments
May contain spoilers
Recently Published
Movies - When Are They Set?
by FPL_Elf
Movies
5m
Popular People in 1961
by mucciniale
History
6m
1-10 Letter E Words III
by El_Dandy
Language
2m
More to Explore
Quiz From the Vault
Featured Blog Post
Where Did the Easter Bunny Come From?
hide this ad
You Might Also Like...
Tags
World Quiz
Today's Top Quizzes in Geography
Browse Geography
hide this ad
Today's Top Quizzes in World
Browse World
Top Contributed Quizzes in Geography
1
Countries of the World - No Outlines Minefield
2
Top 25 Cities of France on a map
3
Closest Countries to UK A-Z
4
African Flag Reveal XLV
5
Blind Ultimate Minefield: USA
6
One Thing in Common: United Kingdom
7
Blind Secret Country CLXXXVIII
8
One Thing in Common: Asia
9
Find the US States - No Outlines
10
One Thing in Common: Geography
Explore More
Trending Topics
Marvel
Anime
Disney
NBA
Crossword
Kpop
Harry Potter
Soccer
WWE
Country
Puzzle
NFL
Song
The Office
Pokémon
hide this ad
More By:
teachersexton
Quiz
Plays
Rating
Category
Featured
Created
Mr. Sexton's World War I
48
History
Apr 30, 2017
Geographer's World SG
35
1.00
Geography
Jan 14, 2012
Estherville Civics Bill of Rights
1
History
Mar 17, 2012
Go to Creator's Profile
Score Distribution
Quiz Creator Spotlight
teachersexton
Follow
Send a Message
Quizzes Created
-
Created Quiz Play Count
-
More By This Creator
Popular Quizzes Today
1
Find the US States - No Outlines Minefield
2
Find the Countries of Europe - No Outlines Minefield
3
The Countries of the World
4
Popular People in 1961
5
1-10 Letter E Words III
6
US States
7
Find the US States
8
One Thing in Common: World Cities II
More Geography Quizzes
Tokyo Tourist Map
Quiz Lab
Trending Quizzes
Risky Map Clicking: Least Populous States A-Z
1-10 Letter F Words
1-10 Letter G Words
One Thing in Common: United Kingdom
Risky Map Clicking: Next State Alphabetically
Recently Updated
Leaping Animals
pecheneg
Reality TV Shows (A-Z)
bhenderson79
Rickey Henderson's Hall of Fame Teammates
pecheneg
Champions League XIs: Arsenal
pecheneg
Quick Pick: Celebrities in WWE's Hall of Fame
aduchscher
A-Z Keypad Blitz II
pecheneg
Multiple Oscar Actors
pecheneg
Mystery Phrase Blitz: Oscar 'Best Actors'
pecheneg
F. Scott Fitzgerald Novels
LTH
Pick 3 Villains
ddd62291
Trending Topics
NBA
Anime
Crossword
Disney
Marvel
Kpop
Harry Potter
WWE
The Office
Song
Soccer
Pokémon
Country
Puzzle
NFL
Your Account Isn't Verified!
In order to create a playlist on Sporcle, you need to verify the email address you used during registration. Go to your
Sporcle Settings
to finish the process.
Report this User
Report this user for behavior that violates our
Community Guidelines
.
Details:
Send Report
Go to the Sporcle.com Mobile Site →
Comments